Normal view
MARC view
Entry Personal Name
001 - CONTROL NUMBER
- control field: 4939
003 - CONTROL NUMBER IDENTIFIER
- control field: Ke-BoTe
005 - DATE AND TIME OF LATEST TRANSACTION
- control field: 20220511124436.0
008 - FIXED-LENGTH DATA ELEMENTS
- fixed length control field: 220511|| aca||aabn | a|a d
040 ## - CATALOGING SOURCE
- Original cataloging agency: Ke-BoTe
- Transcribing agency: Ke-BoTe
100 ## - HEADING--PERSONAL NAME
- Personal name: Watters, David A. K.
- Fuller form of name: David Watters, A. K
670 ## - SOURCE DATA FOUND
- Source citation: Work cat.: (Ke-BoTe)2480: Watters, David A. K. David Watters, A. K., Gastroenterology in the tropics and subtropics :, c1995.
